| 000 | 00642nam a22002177a 4500 | ||
|---|---|---|---|
| 003 | ITZ | ||
| 005 | 20240408173526.0 | ||
| 008 | 240408b |||||||| |||| 00| 0 spa d | ||
| 020 | _a978-607-526-301-4 | ||
| 035 | _a17719 | ||
| 041 | _aSPA | ||
| 050 |
_aHD31 _bH4418 2017 |
||
| 082 |
_a658.42 _bH476a 2017 |
||
| 100 | 1 | _aHellriegel, Don | |
| 245 |
_aAdministración: _bun enfoque basado en competencias _cDon Hellriegel, Susan E. Jackson y John W. Slocum. |
||
| 250 | _a12 Ed. | ||
| 260 |
_aMéxico: _bCengage Learning, _c2017 |
||
| 300 |
_axxx, 627 p. _bil. / _c27 cm. |
||
| 650 | _a1. EMPRENDEDORES \ 2. ADMINISTRACION | ||
| 942 | _cBK | ||
| 999 |
_c29335 _d29335 |
||